000 00321nam a22001337a 4500
008 170816b xxu||||| |||| 00| 0 eng d
020 _a9780805316674
041 _aeng
080 _a51
100 _a36
101 _aMAT
245 _aALGORITHMS, DATA STRUCTURES, AND PROBLEM SOLVING WITH
_cWEISS,M.A
942 _2udc
_cBK
999 _c23765
_d23765